000
00216 a2200097 4500
020
_a
9786071101174
041
_a
spa
100
_a
Kyoichi Katayama
245
_a
Un grito de amor desde el centro del mundo
942
_c
BK
999
_c
13826
_d
13826